|
|
|
|
| LEADER |
01430nam a2200301 u 4500 |
| 001 |
10017539 |
| 003 |
upatras |
| 005 |
20210117205110.0 |
| 008 |
881025s1997 ne eng |
| 020 |
|
|
|a 0792346084
|
| 040 |
|
|
|a GR-PaULI
|c GR-PaULI
|
| 041 |
0 |
|
|a eng
|
| 082 |
0 |
4 |
|a 415
|
| 100 |
1 |
|
|a Siloni, Tal
|9 139799
|
| 245 |
1 |
0 |
|a Noun phrases and nominalizations
|b the syntax of DP's
|c Tal Siloni
|
| 260 |
|
|
|a Dordrecht
|b Kluwer Academic Publishers
|c 1997
|
| 300 |
|
|
|a x, 220 σ.
|c 24 εκ.
|
| 490 |
0 |
|
|a Studies in natural language and linguistic theory
|v 40
|
| 505 |
1 |
|
|a Περιλαμβάνει βιβλιογραφικές παραπομπές, ευρετήριο
|
| 650 |
|
4 |
|a Γραμματική
|9 1160
|
| 760 |
1 |
|
|a Studies in natural language and linguistic theory
|g 40
|
| 852 |
|
|
|a GR-PaULI
|b ΠΑΤΡΑ
|b ΒΚΠ
|b ΒΣ1
|k ΑΣΧΞ
|h 415 SIL
|m 36679
|p 025000070722
|t 2
|
| 852 |
|
|
|a GR-PaULI
|b ΠΑΤΡΑ
|b ΦΙΛΟΛΟΓΙΑ
|k ΑΣΧΞ
|h 415 S
|m 36678
|p 025000085831
|t 1
|
| 942 |
|
|
|2 ddc
|c BK15
|
| 952 |
|
|
|0 0
|1 0
|4 0
|6 415_000000000000000_SIL
|7 0
|9 168811
|a LISP
|b LISP
|c BSC
|d 2016-04-24
|i 36679
|l 0
|o 415 SIL
|p 025000070722
|r 2016-04-24 00:00:00
|t 2
|w 2016-04-24
|y BK15
|
| 952 |
|
|
|0 0
|1 0
|2 ddc
|4 0
|6 415_000000000000000_SIL
|7 0
|9 168812
|a LISP
|b LISP
|c BSC
|d 2016-04-24
|i 36678
|l 0
|o 415 SIL
|p 025000085831
|r 2016-04-24 00:00:00
|t 1
|w 2016-04-24
|y BK15
|x Μεταφορά Τμήματος Φιλολογίας
|
| 998 |
|
|
|c ΣΑΤΛΑΝΗΣ
|
| 999 |
|
|
|c 105551
|d 105551
|